| 000 | 00677nam a2200241Ia 4500 | ||
|---|---|---|---|
| 003 | OSt | ||
| 005 | 20220918175224.0 | ||
| 006 | a|||||r|||| 00| 0 | ||
| 007 | ta | ||
| 008 | 220917b |||||||| |||| 00| 0 eng d | ||
| 024 | _a16,232 | ||
| 037 | _cTextual | ||
| 040 |
_aARTS _cARTS _beng |
||
| 041 |
_2eng _aeng |
||
| 082 | _aO:1J52x, H5 | ||
| 100 |
_aJudson Alexender C. _953330 |
||
| 245 | 0 | _aLife of Edmund Spenser Alexender C. Judson | |
| 260 | _c1945 | ||
| 490 | _aWorks of Edmund Spenser,Variorum Edition,ed by Edwin Greenlaw,etc | ||
| 650 | _aENGLISH LITERATURE | ||
| 942 |
_hO:1J52x, H5 _cTEXL _2CC |
||
| 999 |
_c156616 _d156616 |
||